000 00968nam a22003017a 4500
003 CHAP
005 20220329135623.0
008 971013s1972 mx a r 00010 spa d
010 _a39431
011 _a40403
035 _a44528
040 _cCHAP
090 _aTesis
100 0 0 _aMontaño Hernández, Jesús.
_977750
245 1 _aBacteriosis foliar en Helianthus annuus
260 _aMéxico, D.F. :
_bEl autor,
_c1972
300 _a41 h.
_b: ilus
502 _aTesis (Químico Bacteriólogo y Parasitológolo) -- IPN. Esc. Nac. de Ciencias Biológicas
590 _aALEPH
_b10
_c20130110
_lUCH01
_h1307
590 _aBATCH-UPD
_b10
_c20130110
_lUCH01
_h2321
590 _aBATCH-UPD
_b10
_c20130410
_lUCH01
_h1611
590 _aBATCH-UPD
_b10
_c20130914
_lUCH01
_h1543
590 _aCONVERSION
_b10
_c20130109
_lUCH01
_h1322
650 1 4 _aGirasol
_xEnfermedades por bacterias.
_948143
901 _aBK
942 _cTESIS
949 _bBC
_cTES
_d-101983
_eTS1
_i44528
_si
999 _c39431
_d39431